New Zealand Members of Parliament from 2023 - Statistics

General Stats
  • This quiz has been taken 36 times
  • The average score is 65 of 122
Answer Stats
electorate MP % Correct
Waitaki Miles {Anderson}
95%
list Nicola {Willis}
95%
list Scott {Willis}
95%
list Chloe {Swarbrick}
89%
Remutaka Chris {Hipkins}
89%
Epsom David {Seymour}
89%
list Efeso {Collins}
89%
list Gerry {Brownlee}
89%
Papakura Judith {Collins}
89%
Pakuranga Simeon {Brown}
89%
list Winston {Peters}
89%
list Casey {Costello}
84%
Hutt South Chris {Bishop}
84%
Botany Chris {Luxon}
84%
East Coast Bays Erica {Stanford}
84%
Rongotai Julie Anne {Genter}
84%
list Marama {Davidson}
84%
Waiariki Rawiri {Waititi}
84%
Christchurch East Reuben {Davidson}
84%
Wellington Central Tamatha {Paul}
84%
list Cameron {Luxton}
79%
list Jo {Luxton}
79%
Taupo Louise {Upston}
79%
Tauranga Sam {Uffindell}
79%
list Shane {Jones}
79%
Tamaki Brooke {van Velden}
74%
Te Tai Hauauru Debbie {Ngarewa-Packer}
74%
Mana Barbara {Edmonds}
68%
Kelston Carmel {Sepuloni}
68%
list Grant {Robertson}
68%
list Kelvin {Davis}
68%
list Kieran {McAnulty}
68%
list Melissa {Lee}
68%
list Peeni {Henare}
68%
list Ricardo {Menendez March}
68%
list Damien {O'Connor}
63%
list Ginny {Andersen}
63%
list Golriz {Gharaman}
63%
Ohariu Greg {O'Connor}
63%
Mt Albert Helen {White}
63%
Wigram Megan {Woods}
63%
Hamilton West Tama {Potaka}
63%
list Andy {Foster}
58%
Whanganui Carl {Bates}
58%
Hauraki-Waikato Hana-Rawhiti {Maipi-Clarke}
58%
list James {Shaw}
58%
list Kahurangi {Carter}
58%
list Karen {Chhour}
58%
Whangaparaoa Mark {Mitchell}
58%
Whangarei Shane {Reti}
58%
Te Tai Tonga Takuta {Ferris}
58%
list Willie {Jackson}
58%
list Willow-Jean {Prime}
58%
Manurewa Arena {Williams}
53%
list Darleen {Tana}
53%
list Lan {Pham}
53%
West Coast-Tasman Maureen {Pugh}
53%
Selwyn Nicola {Grigg}
53%
list Parmjeet {Parmar}
53%
list Paul {Goldsmith}
53%
Te Atatu Phil {Twyford}
53%
Nelson Rachel {Boyack}
53%
list Steve {Abel}
53%
Kaikoura Stuart {Smith}
53%
Kaipara ki Mahurangi Chris {Penk}
47%
Northcote Dan {Bidois}
47%
Christchurch Central Duncan {Webb}
47%
Southland Joseph {Mooney}
47%
Napier Katie {Nimon}
47%
Te Tai Tokerau Mariameno {Kapa-Kingi}
47%
North Shore Simon {Watts}
47%
Tamaki Makaurau Takutai {Kemp}
47%
Otaki Tim {Costley}
47%
list Ayesha {Verrall}
42%
list David {Parker}
42%
Ilam Hamish {Campbell}
42%
list Jan {Tinetti}
42%
Waimakariri Matt {Doocey}
42%
list Nicole {McKee}
42%
Hamilton East Ryan {Hamilton}
42%
Coromandel Scott {Simpson}
42%
Rangitikei Suze {Redmayne}
42%
Palmerston North Tangi {Utikere}
42%
list Tanya {Unkovich}
42%
list Teanau {Tuiono}
42%
list Adrian {Rurawhe}
37%
list Andrew {Hoggard}
37%
list Andrew {Little}
37%
Taranaki-King Country Barbara {Kuriger}
37%
Mt Roskill Carlos {Cheung}
37%
list Huhana {Lyndon}
37%
list Jenny {Marcroft}
37%
New Lynn Paulo {Garcia}
37%
Invercargill Penny {Simmonds}
37%
Rotorua Todd {McClay}
37%
Tukituki Catherine {Wedd}
32%
East Coast Dana {Kirkpatrick}
32%
Taieri Ingrid {Leary}
32%
Wairarapa Mike {Butterick}
32%
list Priyanca {Radhakrishnan}
32%
Dunedin Rachel {Brooking}
32%
Waikato Tim {van de Molen}
32%
Bay of Plenty Tom {Rutherford}
32%
Banks Peninsula Vanessa {Weenink}
32%
list Andrew {Bayly}
26%
Upper Harbour Cameron {Brewer}
26%
Ikaroa-Rawhiti Cushla {Tangaere-Manuel}
26%
list Deborah {Russell}
26%
Northland Grant {McCallum}
26%
Maungakiekie Greg {Fleming}
26%
Rangitata James {Meager}
26%
list Jamie {Arbuckle}
26%
Panmure-Otahuhu Jenny {Salesa}
26%
Takanini Rima {Nakhle}
26%
list Rino {Tirikatene}
26%
list Simon {Court}
26%
list Todd {Stephenson}
26%
New Plymouth David {MacLeod}
21%
list Laura {Trask}
21%
Mangere Lydia {Sosene}
21%
list Mark {Cameron}
21%
list Mark {Patterson}
16%
No matching quizzes found
Score Distribution
Percent of People with Each Score
Percentile by Number Answered
Your Score History
You have not taken this quiz